Por un bautizo (Record no. 151683)

MARC details
000 -LEADER
campo de control de longitud fija 00888nam a2200169 i 4500
001 - NÚMERO DE CONTROL
campo de control 151683
003 - IDENTIFICADOR DE NÚMERO DE CONTROL
campo de control ES-MaACL
005 - FECHA Y HORA DE LA ÚLTIMA TRANSACCIÓN
campo de control 20230906204330.0
008 - DATOS DE LONGITUD FIJA--INFORMACIÓN GENERAL
campo de control de longitud fija 931025s1870 sp |||| | spa d
100 0# - ENTRADA PRINCIPAL--NOMBRE DE PERSONA
Nombre de persona Barrera, Pedro María.
9 (RLIN) 25922
245 10 - MENCIÓN DEL TÍTULO
Título Por un bautizo
Resto del título : comedia en un acto y en verso arreglada a la escena española /
Mención de responsabilidad, etc. por Pedro María Barrera.
260 ## - PUBLICACIÓN, DISTRIBUCIÓN, ETC.
Lugar de publicación, distribución, etc. Madrid :
Nombre del editor, distribuidor, etc. [El Teatro y Administración Lírico-Dramática],
Fecha de publicación, distribución, etc. 1870 (
Fabricante Imp. de José Rodriguez)
300 ## - DESCRIPCIÓN FÍSICA
Extensión 37 p. ;
Dimensiones 20 cm.
594 ## - Nota al título y mención de responsabilidad
Nota al título y mención de responsabilidad En port.: Estrenada... en el Teatro Español, el día 8 de marzo de 1870.
596 #1 - NOTA AL PIE DE IMPRENTA
NOTA AL PIE DE IMPRENTA Editor tomado de la cub.
852 ## - LOCALIZACIÓN
Ubicación ES-MaACL
Número de control de estantería F-8593(3)
Nota libre -- Enc. pasta española, falto de la enc. original
-- -- Dedicatoria ms. del autor al poeta y periodista Eduardo de L [...]?
-- -- Enc. en un vol. facticio formando parte de la col. facticia "Teatro español moderno", vol. 46
Holdings
Estatus retirado Estado de pérdida Estado de daño No para préstamo Colección Biblioteca de origen Biblioteca actual Ubicación en estantería Fecha de adquisición Total de préstamos Signatura topográfica completa Código de barras Visto por última vez Precio de reemplazo Tipo de ítem Koha
        Libros del s. XIX Biblioteca del Ateneo de Madrid Biblioteca del Ateneo de Madrid Sala Pecera Planta 2 17/01/2008   F-8593(3) 1158306 23/02/2023 23/02/2023 Libro impreso antiguo